Textbook of fetal abnormalities / (Record no. 97369)

MARC details
000 -LEADER
fixed length control field 00909cam a2200289 a 4500
008 - FIXED-LENGTH DATA ELEMENTS--GENERAL INFORMATION
fixed length control field
020 ## - INTERNATIONAL STANDARD BOOK NUMBER
International Standard Book Number 044307416X (hbk)
049 ## - LOCAL HOLDINGS (OCLC)
Holding library MAIN
090 ## - LOCALLY ASSIGNED LC-TYPE CALL NUMBER (OCLC); LOCAL CALL NUMBER (RLIN)
Classification number (OCLC) (R) ; Classification number, CALL (RLIN) (NR) RG622
Local cutter number (OCLC) ; Book number/undivided call number, CALL (RLIN) TEX
003 - CONTROL NUMBER IDENTIFIER
control field
005 - DATE AND TIME OF LATEST TRANSACTION
control field 20230120144451.0
040 ## - CATALOGING SOURCE
Transcribing agency NUST
245 00 - TITLE STATEMENT
Title Textbook of fetal abnormalities /
Statement of responsibility, etc. Edited by Peter Twining, Josephine M. McHugo, David W. Pilling.
260 ## - PUBLICATION, DISTRIBUTION, ETC.
Place of publication, distribution, etc. London :
Name of publisher, distributor, etc. Churchill Livingstone,
Date of publication, distribution, etc. 2000.
300 ## - PHYSICAL DESCRIPTION
Extent viii, 572 p. :
Other physical details ill. (some col.) ;
Dimensions 26 cm.
504 ## - BIBLIOGRAPHY, ETC. NOTE
Bibliography, etc. note Includes bibliographical references.
500 ## - GENERAL NOTE
General note Includes index.
650 #0 - SUBJECT ADDED ENTRY--TOPICAL TERM
Topical term or geographic name entry element Fetus
General subdivision Abnormalities.
650 12 - SUBJECT ADDED ENTRY--TOPICAL TERM
Topical term or geographic name entry element Ultrasonography, Prenatal.
650 22 - SUBJECT ADDED ENTRY--TOPICAL TERM
Topical term or geographic name entry element Fetus
General subdivision abnormalities.
650 22 - SUBJECT ADDED ENTRY--TOPICAL TERM
Topical term or geographic name entry element Prenatal Diagnosis.
700 1# - ADDED ENTRY--PERSONAL NAME
Personal name McHugo, Josephine M.
700 1# - ADDED ENTRY--PERSONAL NAME
Personal name Twining, Peter.
700 1# - ADDED ENTRY--PERSONAL NAME
Personal name Pilling, David W.
907 ## - LOCAL DATA ELEMENT G, LDG (RLIN)
a .b10278059
b 21-06-10
c 09-06-10
942 ## - ADDED ENTRY ELEMENTS (KOHA)
Koha item type Ordinary Loan Books
Call number prefix RG622
Call number suffix TEX
Holdings
Date last seen Total Checkouts Full call number Barcode Accession number Cost, replacement price Price effective from Koha item type Public note Lost status Source of classification or shelving scheme Damaged status Not for loan Collection Withdrawn status Home library Current library Shelving location Date acquired Source of acquisition Cost, normal purchase price
01/20/2023   RG622 TEX 92004010232 16170 30.00 05/16/2023 BOOKS Donation   LCC     NFIC   MAIN MAIN GEN 05/16/2023 Book Aid International 80.00